Ten little fish (Record no. 114303)

MARC details
000 -LÍDER
campo de controle de tamanho fixo 00748 a2200289 4500
001 - NÚMERO DE CONTROLE
campo de controle 114303
020 ## - ISBN - INTERNATIONAL STANDARD BOOK NUMBER
ISBN - International Standard Book Number 9780439635691 (hardcover : alk. paper)
020 ## - ISBN - INTERNATIONAL STANDARD BOOK NUMBER
ISBN - International Standard Book Number 9781415554319 (Follett bdg.)
041 ## - CÓDIGO DE IDIOMA
Código do idioma do texto/trilha sonora ou título diferente eng
082 ## - CDD - CLASSIFICAÇÃO DECIMAL DE DEWEY
Número de Classificação [E]
092 ## - CLASSIFICAÇÃO DE DEWEY ATRIBUÍDA LOCALMENTE (OCLC)
Número de Classificação 2003025105
040 ## - FONTE DA CATALOGAÇÃO
Instituição da catalogação original BR-BrIDEA
Instituição que transcreveu o registro BR-BrIDEA
090 ## - NÚMERO DE CHAMADA LOCAL
Número de chamada (OCLC) (R); Número de chamada, CALL (RLIN) (NR) AP Nursery [E]
Número Cutter local (OCLC); Número de classificação do livro, CALL (RLIN) WOO
100 ## - ENTRADA PRINCIPAL--NOME PESSOAL
Nome pessoal Wood, Audrey.
250 ## - EDIÇÃO
Edição . ed.
245 10 - TÍTULO
Título Ten little fish
Indicação de responsabilidade, etc. Audrey Wood
260 ## - PUBLICAÇÃO, DISTRIBUIÇÃO, ETC.
Local de publicação, distribuição, etc. New York
Nome do editor, distribuidor, etc. Blue Sky Press
Data da publicação, distribuição, etc. 2004
300 ## - DESCRIÇÃO FÍSICA
Extensão [32] p.
697 ## - ENTRADA DE ASSUNTO LOCAL--ENTIDADE COLETIVA (RLIN)
Nome corporativo ou nome da jurisdição Fishes
697 ## - ENTRADA DE ASSUNTO LOCAL--ENTIDADE COLETIVA (RLIN)
Nome corporativo ou nome da jurisdição Stories in rhyme.
697 ## - ENTRADA DE ASSUNTO LOCAL--ENTIDADE COLETIVA (RLIN)
Nome corporativo ou nome da jurisdição Counting.
697 ## - ENTRADA DE ASSUNTO LOCAL--ENTIDADE COLETIVA (RLIN)
Nome corporativo ou nome da jurisdição Coral reefs and islands - Fiction.
697 ## - ENTRADA DE ASSUNTO LOCAL--ENTIDADE COLETIVA (RLIN)
Nome corporativo ou nome da jurisdição Coral reefs and islands
697 ## - ENTRADA DE ASSUNTO LOCAL--ENTIDADE COLETIVA (RLIN)
Nome corporativo ou nome da jurisdição Fishes - Fiction.
856 ## - LOCALIZAÇÃO ELETRÔNICA E ACESSO
Uniform Resource Identifier <a href="000025/00002546.jpg">000025/00002546.jpg</a>
942 ## - ELEMENTOS DE ENTRADA ADICIONADOS (KOHA)
Tipo de material Koha Livros
Holdings
Situação do descarte Situação das perdas Fonte da classificação ou esquema de arquivamento na estante Situação física Não pode ser emprestado Biblioteca de origem Biblioteca atual Data de aquisição Total de empréstimos Número de chamada completo Código de barras Data de último acesso Data do preço efetivo Tipo de material Koha Data do último empréstimo Devolução em
    Classificação Decimal de Dewey     ECB - SUDOESTE ECB - SUDOESTE 27/01/2016 1 P Nursery [E] 00022600SSW 21/06/2024 23/01/2024 Livros 21/06/2024 20/08/2024
    Classificação Decimal de Dewey     ECB - SUDOESTE ECB - SUDOESTE 28/10/2014   P Nursery [E] 00010656SSW 23/01/2024 23/01/2024 Livros    
    Classificação Decimal de Dewey     ECB - SUDOESTE ECB - SUDOESTE 28/10/2014 1 P Nursery [E] 00010655SSW 20/02/2024 23/01/2024 Livros 20/02/2024 20/04/2024
    Classificação Decimal de Dewey     ECB - SUDOESTE ECB - SUDOESTE 12/04/2013 1 P Toddler [E] 00001437SSW 09/04/2024 23/01/2024 Livros 15/03/2024  
    Classificação Decimal de Dewey     ECB - SUDOESTE ECB - SUDOESTE 03/05/2013   P Toddler [E] 00001779SSW 23/01/2024 23/01/2024 Livros    
    Classificação Decimal de Dewey     ECB - SUDOESTE ECB - SUDOESTE 23/05/2013   P Toddler [E] 00002420SSW 23/01/2024 23/01/2024 Livros    
    Classificação Decimal de Dewey     ECB - ÁGUAS CLARAS ECB - ÁGUAS CLARAS 27/11/2017   AP Toddler [E] WOO 00030279AGC 23/01/2024 23/01/2024 Livros    
    Classificação Decimal de Dewey     ECB - ÁGUAS CLARAS ECB - ÁGUAS CLARAS 13/12/2017 1 AP Nursery [E] WOO 00031453AGC 11/09/2024 23/01/2024 Livros 06/09/2024  
    Classificação Decimal de Dewey     ECB - ÁGUAS CLARAS ECB - ÁGUAS CLARAS 13/12/2017 1 AP Nursery [E] WOO 00031452AGC 13/09/2024 23/01/2024 Livros 06/09/2024  
    Classificação Decimal de Dewey     ECB - ÁGUAS CLARAS ECB - ÁGUAS CLARAS 27/11/2017   AP Toddler [E] WOO 00030280AGC 23/01/2024 23/01/2024 Livros